Statistics for overwatch characters by ultimate name

Click here to take the quiz!

General Stats

  • This quiz has been taken 271 times
  • The average score is 23 of 24

Answer Stats

HintAnswer% Correct
death blossomreaper
100%
pulse bombtracer
99%
tactical visorsoldier 76
98%
earthshatterreinhardt
97%
whole hogroadhog
97%
EMPsombra
97%
infra-sightwidowmaker
97%
self destruct/call mechdva
96%
dragonbladegenji
96%
dragonstrikehanzo
96%
molten coretorbjorn
96%
nano boostana
95%
RIP-tirejunkrat
95%
teleporter/shield generatorsymmetra
95%
primal ragewinston
95%
blizzardmei
94%
ressurectmercy
94%
graviton surgezarya
94%
sound barrierlucio
92%
configuration: tankbastion
91%
deadeyemccree
91%
transcendencezenyatta
91%
barragepharah
89%
superchargerorisa
81%

Score Distribution

Percentile by Number Answered

Percent of People with Each Score

Your Score History

You have not taken this quiz